[Event "TUR-chT 1st League"]
[Site "Konya"]
[Date "2019.07.28"]
[Round "9.7"]
[White "Babiy, Olga"]
[Black "Khurtsilava, Inga"]
[Result "0-1"]
[WhiteElo "2255"]
[BlackElo "2202"]
[PlyCount "78"]
[EventDate "2019.07.22"]
[EventType "team-swiss"]
[EventRounds "9"]
[EventCountry "TUR"]
[SourceTitle "CBM 191 Extra"]
[Source "ChessBase"]
[SourceDate "2019.09.30"]
[SourceVersion "1"]
[SourceVersionDate "2019.09.30"]
[SourceQuality "1"]
[WhiteTeam "Karsiyaka Ihtisas"]
[BlackTeam "Pamukkale Universiteli"]
[WhiteTeamCountry "TUR"]
[BlackTeamCountry "TUR"]

1. e4 c6 2. d4 d5 3. Nc3 dxe4 4. Nxe4 Nf6 5. Nxf6+ gxf6 6. Nf3 Bg4 7. Be2 Nd7 8. 0-0 Nb6 9. a4 a5 10. c4 e6 11. b3 Bb4 12. Bb2 Rg8 13. Kh1 Qe7 14. Qd3 0-0-0 15. Qe3 Qc7 16. Rad1 Nd7 17. Bc3 Bd6 18. Qd2 Bf4 19. Qe1 Bxf3 20. Bxf3 Bxh2 21. g3 Bxg3 22. fxg3 Rxg3 23. Bg2 Rdg8 24. Rf2 R3g5 25. Rd3 f5 26. Bxa5 Rh5+ 27. Kg1 Qh2+ 28. Kf1 Rh4 29. Qc3 Rxg2 30. Rxg2 Qh1+ 31. Kf2 Nf6 32. Qe1 Ne4+ 33. Qxe4 fxe4 34. Rdg3 Rf4+ 35. Ke3 Rf3+ 36. Rxf3 Qxg2 37. Rf4 f5 38. Be1 Qg1+ 39. Ke2 Qxd4 0-1

[Event "TUR-chT 1st League"]
[Site "Konya"]
[Date "2019.07.25"]
[Round "5.5"]
[White "Khurtsilava, Inga"]
[Black "Doluhanova, Evgeniya"]
[Result "1-0"]
[WhiteElo "2202"]
[BlackElo "2314"]
[PlyCount "38"]
[EventDate "2019.07.22"]
[EventType "team-swiss"]
[EventRounds "9"]
[EventCountry "TUR"]
[SourceTitle "CBM 191 Extra"]
[Source "ChessBase"]
[SourceDate "2019.09.30"]
[SourceVersion "1"]
[SourceVersionDate "2019.09.30"]
[SourceQuality "1"]
[WhiteTeam "Pamukkale Universiteli"]
[BlackTeam "Karaman Saglik"]
[WhiteTeamCountry "TUR"]
[BlackTeamCountry "TUR"]

1. d4 Nf6 2. Nf3 b6 3. e3 Bb7 4. Bd3 g6 5. Nbd2 d5 6. b3 Bg7 7. Bb2 Nbd7 8. Qe2 a5 9. Ne5 Nxe5 10. dxe5 Nd7 11. f4 f6 12. e6 Nc5 13. f5 Nxd3+ 14. cxd3 Qd6 15. Nf3 c5 16. g4 0-0-0 17. 0-0-0 Rhg8 18. Rhg1 gxf5 19. gxf5 Bh6 1-0

[Event "TUR-chT 1st League"]
[Site "Konya"]
[Date "2019.07.23"]
[Round "2.2"]
[White "Bulmaga, Irina"]
[Black "Khurtsilava, Inga"]
[Result "1/2-1/2"]
[WhiteElo "2435"]
[BlackElo "2202"]
[PlyCount "61"]
[EventDate "2019.07.22"]
[EventType "team-swiss"]
[EventRounds "9"]
[EventCountry "TUR"]
[SourceTitle "CBM 191 Extra"]
[Source "ChessBase"]
[SourceDate "2019.09.30"]
[SourceVersion "1"]
[SourceVersionDate "2019.09.30"]
[SourceQuality "1"]
[WhiteTeam "Gokyay Vakfi"]
[BlackTeam "Pamukkale Universiteli"]
[WhiteTeamCountry "TUR"]
[BlackTeamCountry "TUR"]

1. e4 c6 2. d4 d5 3. e5 Bf5 4. Nf3 Bg4 5. Nbd2 e6 6. Nb3 Nd7 7. Be3 Ne7 8. h3 Bh5 9. Be2 Bxf3 10. Bxf3 Nf5 11. 0-0 Nxe3 12. fxe3 Qg5 13. Qe2 f5 14. c4 Be7 15. Nc1 dxc4 16. b3 cxb3 17. axb3 Qh6 18. Nd3 Bg5 19. Kf2 Be7 20. g3 0-0 21. h4 g5 22. hxg5 Bxg5 23. Rh1 Qg7 24. b4 a6 25. Rh5 Qe7 26. Qa2 Rae8 27. Rh3 Rd8 28. Rh5 Rde8 29. Rh3 Rd8 30. Rh5 Rde8 31. Rh3 1/2-1/2